000 01288cam a22002054a 4500
005 20250605164233.0
008 250528s ||||||||||||||||||||||||d
035 _a21046
020 _a9781491918661
040 _aGR-AtMCL
_bgre
_dGR-AtMCL
_eAACR2
245 1 _aLearning PHP, MySOL & JavaScript / With JQUERY, CSS & HTML5
250 _a4th
260 _bO'Reilly Media,
_c2015
300 _a784
520 _aA great beginner's book that introduces several crucial web developer languages. Preface, Introduction to Dynamic Web Content, Setting Up a Development Server, Introduction to PHP, Expressions and Control Flow in PHP, PHP Functions and Objects, PHP Arrays, Practical PHP, Introduction to MySQL, Mastering MySQL, Accessing MySQL PHP, Form Handling, Cookies and Sessions and Authentication, Exploring JavaScript, Expressions and Control Flow in Java script, Java script Functions and Objects and Arrays, JavaScript and PHP Validation and Error Handling, Using Ajax, Introduction to CSS, Advanced CSS with CSS3, Accessing CSS from Java script, Introduction to jQuery, Introduction to HTML5, The HTML5 Canvas, HTML5 Audio and Video, Other HTML5 Features, Bring It All Together, Index.
700 1 _aNixon Robin
_97071
942 _cBK
999 _c6117
_d6117